02195nam a2200277 4500001000400000003000400004005001700008008004100025020001800066040000800084041000800092082001700100100002700117245007200144250001000216260003100226300001600257520151200273650002601785650001901811650002001830650001201850655001201862655001601874700002701890445OSt20250701104710.0250701b |||||||g |||| 00| j eng d a9788508134830 bpor apor a028.5bB214g1 aBandeira, Pedrod1942- aO Grande Desafio /cBandeira, Pedro ; Ilustrações de Kris Zullo a8 ed. aSão PaulobÁticac2010 a160 p.bil. aToni se destaca em tudo. É um dos melhores alunos da escola, excelente nadador e fera em computadores. Ele pode fazer tudo o que um garoto de sua idade é capaz. Ou quase tudo... Inseguro em relação a garotas, Toni não sabe o que fazer para conquistar Carla. A distância entre os dois desaparece no dia em que o pai da garota é preso. Toni não acredita na culpa de seu Afonso e, com a ajuda de Carla, tenta desvendar o mistério por trás do crime. Conspirações e terríveis segredos escondem-se entre as paredes do conceituado Colégio Professora Cidinha Moura. Para superar os obstáculos e descobrir a verdade, Toni precisará de muita coragem e determinação. Mas isso ele tem de sobra... O repúdio à censura, o horror a qualquer tipo de violência, a lembrança das pessoas presas e desaparecidas tiveram, sem dúvida, parte grande na matéria que fecunda o misterioso momento da criação das histórias dos Karas. Talvez se deva a esta sábia mistura entre o individual e o coletivo, que há mais de vinte anos a turma dos Karas - Miguel, Calu, Crânio, Magrí e Chumbinho - alimente o desejo de aventura, o entusiasmo pela vida e a crença nos jovens que são a marca de bons livros infantis e juvenis. A expressão que define a turma - o avesso dos coroas, o contrário dos caretas - tem apelo forte para um público jovem ao frisar o caráter contestador e ousado dos heróis das histórias, exemplares do contagioso protagonismo da juventude. 0aLiteratura Brasileira 0aInfantojuvenil 0aRomance juvenil 0aAmizade 0aRomance 0aFicção  aKris ZulloeILUSTRADOR